University trends : (Record no. 10546)

000 -LEADER
fixed length control field 00799cam a2200253 i 4500
003 - CONTROL NUMBER IDENTIFIER
control field OSt
005 - DATE AND TIME OF LATEST TRANSACTION
control field 20220404162529.0
008 - FIXED-LENGTH DATA ELEMENTS--GENERAL INFORMATION
fixed length control field 170804s2018 enk b 001 0 eng
010 ## - LIBRARY OF CONGRESS CONTROL NUMBER
LC control number 2017037282
020 ## - INTERNATIONAL STANDARD BOOK NUMBER
International Standard Book Number 9780415790055 (hbk : alk. paper)
042 ## - AUTHENTICATION CODE
Authentication code pcc
082 00 - DEWEY DECIMAL CLASSIFICATION NUMBER
Classification number 727/.3
Edition number 23
100 1# - MAIN ENTRY--PERSONAL NAME
Personal name Coulson, Jonathan,
Relator term author.
245 10 - TITLE STATEMENT
Title University trends :
Remainder of title contemporary campus design /
Statement of responsibility, etc Jonathan Coulson, Paul Roberts, Isabelle Taylor.
250 ## - EDITION STATEMENT
Edition statement Second edition.
260 ## - PUBLICATION, DISTRIBUTION, ETC. (IMPRINT)
Name of publisher, distributor, etc Routledge
300 ## - PHYSICAL DESCRIPTION
Extent 208 pages ;
Dimensions 28 cm
504 ## - BIBLIOGRAPHY, ETC. NOTE
Bibliography, etc Includes bibliographical references (page 206) and index.
650 #0 - SUBJECT ADDED ENTRY--TOPICAL TERM
Topical term or geographic name as entry element College buildings.
650 #0 - SUBJECT ADDED ENTRY--TOPICAL TERM
Topical term or geographic name as entry element Campus planning.
700 1# - ADDED ENTRY--PERSONAL NAME
Personal name Roberts, Paul
Fuller form of name (Michael Paul),
Dates associated with a name 1964-
Relator term author.
700 1# - ADDED ENTRY--PERSONAL NAME
Personal name Taylor, Isabelle,
Relator term author.
942 ## - ADDED ENTRY ELEMENTS (KOHA)
Source of classification or shelving scheme
Holdings
Withdrawn status Lost status Source of classification or shelving scheme Damaged status Koha normalized classification for sorting Not for loan Permanent location Current location Date acquired Source of acquisition Cost, normal purchase price Total Checkouts Full call number Barcode Date last seen Date last borrowed Cost, replacement price Price effective from Koha item type
        727_000000000000000__3   BMS College of Architecture, Design and Planning BMS College of Architecture, Design and Planning 2022-03-28 6 5233.00 10 727/.3 AR-UG2647 2026-02-13 2026-01-20 7475.71 2022-04-04 UG Books
Copyright © 2025, The Librarian, Library and Information Centre, BMSCA D&P, Bengaluru. All Rights Reserved
web counter

Powered by Koha